• 首页
  • 本馆介绍
  • 公告通知
  • 最新文献
  • 馆藏检索
  • 电子资源
  • 读者导购
  • 参考咨询
  • 我的图书馆
  • 登录
  • 详细信息显示
  • 放入我的书架
  • 预约/预借图书
  • 作者相关作品
  • 分类相关作品
  • 丛书相关作品
  • 出版社相关作品

书目信息

  • 表格格式
  • 工作单格式
  • 卡片格式
题名:
《消防给水及消火栓系统技术规范》图示
    
 
作者: ;中国建筑标准设计研究院 组织编制
分册:  
出版信息: 北京   中国计划出版社  2019.1
页数: 100页
开本: 19×26cm
丛书名:
单 册:
中图分类: TU206 , TU821.6
科图分类:
主题词: 建筑设计--中国--图集 , 消防给水系统--技术规范--中国--图集 , 消防设备--技术规范--中国--图集
电子资源:
ISBN: 978-7-5182-0275-1
000 01503nam0 2200301 45
001 012001000651
005 20130911164329.0
010    @a978-7-5182-0275-1@dCNY59.00
100    @a20160314d2015 em y0chiy50 ea
101 0  @achi
102    @aCN@b110000
105    @aa z 000yy
106    @ar
200 1  @a《消防给水及消火栓系统技术规范》图示@A《 xiao fang gei shui ji xiao huo shuan xi tong ji shu gui fan 》 tu shi@b专著@e按《消防给水及消火栓系统技术规范》 GB 50974-2014编制@f中国建筑标准设计研究院组织编制
210    @a北京@c中国计划出版社@d2019.1
215    @a100页@d19×26cm
300    @a国家建筑标准设计图集 15S909
300    @a其他题名:按《消防给水及消火栓系统技术规范》 GB 50974-2014编制
330    @a本书以《消防给水及消火栓系统技术规范》GB 50974-2014的条文为依据,选取需要进一步解释或说明的条文、执行中容易产生分歧的条文及关联到其他相关规范的条文予以图示,包括术语、基本参数、消防水源、供水设施、给水形式、消火栓系统、管网、消防排水、水力计算、控制与操作、施工等内容。
517 1  @a按《消防给水及消火栓系统技术规范》 GB 50974-2014编制@Aan 《 xiao fang gei shui ji xiao huo shuan xi tong ji shu gui fan 》 GB 50974-2014 bian zhi
606 0  @a建筑设计@y中国@j图集
606 0  @a消防给水系统@x技术规范@y中国@j图集
606 0  @a消防设备@x技术规范@y中国@j图集
690    @aTU206@v5
690    @aTU821.6@v5
711 02 @a中国建筑标准设计研究院@Azhong guo jian zhu biao zhun she ji yan jiu yuan@4组织编制
801  0 @aCN@bBJSDL@c20211011
905    @b1335627-30@dTU206@e1940@f4
    
    《消防给水及消火栓系统技术规范》图示:按《消防给水及消火栓系统技术规范》 GB 50974-2014编制/中国建筑标准设计研究院组织编制.-北京:中国计划出版社,2019.1
    100页;19×26cm
    国家建筑标准设计图集 15S909.-其他题名:按《消防给水及消火栓系统技术规范》 GB 50974-2014编制
    
    ISBN 978-7-5182-0275-1:CNY59.00
    本书以《消防给水及消火栓系统技术规范》GB 50974-2014的条文为依据,选取需要进一步解释或说明的条文、执行中容易产生分歧的条文及关联到其他相关规范的条文予以图示,包括术语、基本参数、消防水源、供水设施、给水形式、消火栓系统、管网、消防排水、水力计算、控制与操作、施工等内容。
●
相关链接 在E读中查询图书 在五车中查询图书 在当当中查询图书 在豆瓣中查询图书


正题名:《消防给水及消火栓系统技术规范》图示     索取号:TU206/1940         预约/预借

序号 登录号 条形码 馆藏地/架位号 状态 备注
1 1335627   213356278   第二样本阅览室/ [索取号:TU206/1940] 在馆    
2 1335628   213356287   第三借阅区/ [索取号:TU206/1940] 在馆    
3 1335629   213356296   第三借阅区/ [索取号:TU206/1940] 在馆    
4 1335630   213356303   第三借阅区/ [索取号:TU206/1940] 在馆    
唐山师范学院图书馆 欢迎您!
大连网信软件有限公司© 版权所有